000 00636nam a2200229Ia 4500
008 160319s9999 xx 000 0 und d
020 _a9716300891
050 _a929.92
050 _bM518b 1998
100 _aMelchor, Merci
245 _aBandila :
245 _bthe story of the Philippine flag /
245 _cby Merci Melchor ; pictures by Auri Asuncion Yambao.
260 _aManila :
260 _bTahanan Books for Young Readers
260 _c1998
300 _a [50] p. :
300 _bcol. ill. ;
300 _c17 x 26 cm.
650 _aFlags -- Philippines -- History --
650 _xJuvenile literature.
999 _c292252
_d292252